[Event "Online Olym Div2 B 2021"]
[Site "chess.com INT"]
[Date "2021.09.02"]
[Round "3.1"]
[Board "1"]
[White "Meshkovs, Nikita"]
[Black "Bogner, Sebastian"]
[Result "1-0"]
[WhiteTitle "GM"]
[BlackTitle "GM"]
[WhiteElo "2550"]
[BlackElo "2574"]
[WhiteTeam "Latvia"]
[BlackTeam "Switzerland"]
[WhiteFideId "11602740"]
[BlackFideId "4692055"]
[EventDate "2021.09.02"]
[EventType "team"]

1. d4 Nf6 2. c4 e6 3. Nc3 Bb4 4. e3 O-O 5. Bd3 d5 6. Nf3 c5 7. O-O cxd4 8. exd4
dxc4 9. Bxc4 b6 10. Qe2 Bb7 11. Rd1 Nbd7 12. d5 exd5 13. Nxd5 Nxd5 14. Bxd5 Qc7
15. Bxb7 Qxb7 16. Qb5 1-0

[Event "Online Olym Div2 B 2021"]
[Site "chess.com INT"]
[Date "2021.09.02"]
[Round "3.1"]
[Board "2"]
[White "Arcuti, Davide"]
[Black "Lavendelis, Egons"]
[Result "0-1"]
[WhiteTitle "FM"]
[BlackTitle "FM"]
[WhiteElo "2390"]
[BlackElo "2304"]
[WhiteTeam "Switzerland"]
[BlackTeam "Latvia"]
[WhiteFideId "1323725"]
[BlackFideId "11601647"]
[EventDate "2021.09.02"]
[EventType "team"]

1. d4 Nf6 2. Nf3 g6 3. Nc3 d5 4. Bf4 Bg7 5. Nb5 Na6 6. e3 O-O 7. h3 b6 8. Be2
Bb7 9. O-O c6 10. Na3 c5 11. Nb5 Nb4 12. a3 Nc6 13. Ne5 Ne4 14. f3 Nd6 15. Nxd6
exd6 16. Nxc6 Bxc6 17. Re1 Re8 18. Qd2 Qd7 19. b4 Re6 20. Rab1 Rae8 21. c3 Qe7
22. e4 cxd4 23. cxd4 dxe4 24. d5 Bxd5 25. Qxd5 exf3 26. Bg5 f2+ 27. Kxf2 Rxe2+
28. Rxe2 Qxe2+ 29. Kg1 Qe5 30. Qc6 Qe4 31. Rc1 f6 32. Bh4 Qxc6 33. Rxc6 Rd8 34.
Kf2 g5 35. Bg3 d5 36. Bc7 Rd7 37. g4 d4 38. Bd6 Kf7 39. Ke2 Ke6 40. Bg3+ Kd5 41.
b5 Bf8 42. a4 Bd6 43. Bf2 Ke4 44. Rc8 d3+ 45. Kd1 Bf4 46. a5 Kf3 47. Be1 d2 48.
Rc3+ Kg2 49. Rc2 Kxh3 50. Bxd2 Bxd2 0-1

[Event "Online Olym Div2 B 2021"]
[Site "chess.com INT"]
[Date "2021.09.02"]
[Round "3.1"]
[Board "3"]
[White "Rogule, Laura"]
[Black "Tamrazyan, Gohar"]
[Result "1-0"]
[WhiteTitle "WGM"]
[WhiteElo "2286"]
[BlackElo "1981"]
[WhiteTeam "Latvia"]
[BlackTeam "Switzerland"]
[WhiteFideId "11601876"]
[BlackFideId "1330799"]
[EventDate "2021.09.02"]
[EventType "team"]

1. d4 d5 2. c4 e6 3. Nf3 c5 4. cxd5 exd5 5. g3 Nc6 6. dxc5 Bxc5 7. Bg2 Nf6 8.
O-O O-O 9. a3 a5 10. Bg5 d4 11. Nbd2 Bf5 12. Rc1 Ba7 13. Nh4 Bg6 14. Nxg6 hxg6
15. Ne4 Kh7 16. Qb3 Qe7 17. Bh4 Rh8 18. Rfd1 Rac8 19. Ng5+ Kg8 20. Nf3 Rb8 21.
Rd2 Qd6 22. Bxf6 gxf6 23. e3 Rh5 24. exd4 Rd8 25. Qxb7 Nxd4 26. Nxd4 Bxd4 27.
Rcd1 Qe5 28. Qe4 Qxe4 29. Bxe4 f5 30. Bf3 Rh7 31. Rxd4 Rxd4 32. Rxd4 f6 33. Rd8+
Kg7 34. Rd7+ Kg8 35. Bd5+ Kh8 36. Rxh7+ Kxh7 37. b4 axb4 38. axb4 1-0

[Event "Online Olym Div2 B 2021"]
[Site "chess.com INT"]
[Date "2021.09.02"]
[Round "3.1"]
[Board "4"]
[White "Kurapova, Olga"]
[Black "Vidruska, Renate"]
[Result "0-1"]
[BlackTitle "WFM"]
[WhiteElo "1900"]
[BlackElo "2000"]
[WhiteTeam "Switzerland"]
[BlackTeam "Latvia"]
[WhiteFideId "1332562"]
[BlackFideId "11601841"]
[EventDate "2021.09.02"]
[EventType "team"]

1. e4 e5 2. Nf3 Nc6 3. Bb5 a6 4. Bxc6 dxc6 5. O-O f6 6. d4 exd4 7. Qxd4 Qxd4 8.
Nxd4 Bd7 9. Bf4 O-O-O 10. Nc3 Bb4 11. Na4 c5 12. Nb3 Bxa4 13. a3 Bxb3 14. axb4
Bc4 15. Rfe1 cxb4 16. Ra4 Ne7 17. Rxb4 b5 18. Ra1 c5 0-1

[Event "Online Olym Div2 B 2021"]
[Site "chess.com INT"]
[Date "2021.09.02"]
[Round "3.1"]
[Board "5"]
[White "Golubovskis, Maksims"]
[Black "Stijve, Theo"]
[Result "1-0"]
[WhiteTitle "FM"]
[BlackTitle "FM"]
[WhiteElo "2210"]
[BlackElo "2291"]
[WhiteTeam "Latvia"]
[BlackTeam "Switzerland"]
[WhiteFideId "11608528"]
[BlackFideId "1331132"]
[EventDate "2021.09.02"]
[EventType "team"]

1. e4 c5 2. Nf3 d6 3. d4 cxd4 4. Nxd4 Nf6 5. f3 e5 6. Nb3 d5 7. Bg5 Be6 8. Bxf6
gxf6 9. exd5 Qxd5 10. Qxd5 Bxd5 11. Nc3 Be6 12. O-O-O Nc6 13. Bb5 Rc8 14. Na5 a6
15. Nxc6 bxc6 16. Bxa6 Rb8 17. Ne4 f5 18. Nd6+ Ke7 19. Bc4 Rg8 20. g3 Rb4 21.
Bb3 f4 22. g4 h5 23. h3 Rh8 24. Bxe6 Kxe6 25. Ne4 Be7 26. b3 hxg4 27. hxg4 Rd4
28. Kb2 Rxd1 29. Rxd1 Rh3 30. Rd3 f5 31. gxf5+ Kxf5 32. Nd2 Bc5 33. Nc4 Bd4+ 34.
c3 Ba7 35. b4 e4 36. fxe4+ Kg4 37. Ne5+ Kh4 38. Ng6+ Kg4 39. Rxh3 Kxh3 40. Nxf4+
Kg4 41. Ne6 Kf3 42. Kb3 Kxe4 43. Kc4 Ke5 44. Nd4 Kd6 45. a4 Kd7 46. b5 cxb5+ 47.
axb5 Kc7 48. Kd5 Bb6 49. c4 Ba5 50. Nc6 Be1 51. c5 Bf2 52. b6+ Kc8 53. Kc4 Bg1
54. Kb5 Kb7 55. Na5+ Kb8 56. Kc6 Be3 57. Nc4 Bf2 58. Ne5 Bg3 59. Nd7+ Ka8 60.
b7+ Ka7 61. b8=Q+ Bxb8 62. Nxb8 Kxb8 63. Kd7 1-0

[Event "Online Olym Div2 B 2021"]
[Site "chess.com INT"]
[Date "2021.09.02"]
[Round "3.1"]
[Board "6"]
[White "Pellicoro, Nathalie"]
[Black "Ter-Avetisjana, Agnesa Stepania"]
[Result "0-1"]
[WhiteElo "1917"]
[BlackElo "1872"]
[WhiteTeam "Switzerland"]
[BlackTeam "Latvia"]
[WhiteFideId "1332350"]
[BlackFideId "11614900"]
[EventDate "2021.09.02"]
[EventType "team"]

1. e4 c6 2. d4 d5 3. e5 c5 4. dxc5 e6 5. a3 Bxc5 6. b4 Bb6 7. Nf3 Ne7 8. Bd3
Nbc6 9. Bb2 Ng6 10. O-O Nf4 11. Nc3 Nxd3 12. Qxd3 O-O 13. Rfe1 a6 14. Rad1 Qe7
15. Ne2 Na7 16. Nf4 Rd8 17. Nh5 Bd7 18. Nd4 Kh8 19. Nf5 Qg5 20. Nfxg7 Rg8 21.
Bc1 Qg4 22. Nf6 Qxg7 23. g3 Bb5 24. Qd2 Rgf8 25. Qf4 Bd8 26. Qh4 Rg8 27. Rd4 Nc6
28. Rg4 Bxf6 29. Rxg7 Bxh4 30. Rxf7 Nd4 31. Kh1 Bg5 32. Bxg5 Rxg5 33. Rxb7 Nf3
34. Rd1 Rxe5 35. h4 Re1+ 36. Rxe1 Nxe1 37. Re7 Re8 38. Ra7 Nxc2 39. a4 Bc4 40.
b5 axb5 41. axb5 Bxb5 42. Kg2 d4 0-1

[Event "Online Olym Div2 B 2021"]
[Site "chess.com INT"]
[Date "2021.09.02"]
[Round "3.2"]
[Board "2"]
[White "Ismael, Namir Mohammed Ismael"]
[Black "Schitco, Ivan"]
[Result "0-1"]
[WhiteTitle "CM"]
[BlackTitle "IM"]
[WhiteElo "2122"]
[BlackElo "2473"]
[WhiteTeam "Iraq"]
[BlackTeam "Moldova"]
[WhiteFideId "4800800"]
[BlackFideId "13905465"]
[EventDate "2021.09.02"]
[EventType "team"]

1. d4 Nf6 2. Bf4 g6 3. e3 Bg7 4. Nf3 c5 5. c3 Qb6 6. Qb3 d6 7. h3 Be6 8. Qxb6
axb6 9. a3 Nc6 10. Nbd2 cxd4 11. exd4 Nd5 12. Bh2 Nc7 13. Bd3 b5 14. O-O h6 15.
Rfe1 Kd7 16. Nf1 Na5 17. Ne3 Nc4 18. Re2 f5 19. Rae1 Bf6 20. Nd1 Bd5 21. Nd2 e6
22. Nf1 Bg5 23. f4 Bh4 24. Bg3 Bf6 25. Nfe3 Nxe3 26. Nxe3 Bb3 27. Bc2 Bxc2 28.
Rxc2 g5 29. Rd2 Rae8 30. Kf2 h5 31. Rdd1 h4 32. Bh2 Rhg8 33. fxg5 Bxg5 34. Re2
Rg6 35. Nc2 Nd5 36. Nb4 Nf6 37. Kf1 Reg8 38. Rde1 Ne4 0-1

[Event "Online Olym Div2 B 2021"]
[Site "chess.com INT"]
[Date "2021.09.02"]
[Round "3.2"]
[Board "3"]
[White "Verbin, Valentina"]
[Black "Al-Fayyadh, Zainab Asif Abdulah"]
[Result "1-0"]
[WhiteElo "2039"]
[BlackElo "1658"]
[WhiteTeam "Moldova"]
[BlackTeam "Iraq"]
[WhiteFideId "13905910"]
[BlackFideId "4806476"]
[EventDate "2021.09.02"]
[EventType "team"]

1. e4 e5 2. Nf3 Nc6 3. Bb5 a6 4. Ba4 Nf6 5. O-O Be7 6. Re1 b5 7. Bb3 d6 8. c3
Na5 9. Bc2 c5 10. d4 Qc7 11. h3 O-O 12. Nbd2 cxd4 13. cxd4 Bd7 14. Nf1 Rac8 15.
Ne3 Nc4 16. Nxc4 Qxc4 17. Bb3 Qc7 18. Bd2 h6 19. Bc3 b4 20. Bxb4 Qb7 21. Ba3
Nxe4 22. dxe5 Nc5 23. exd6 Bf6 24. Bd5 Bc6 25. Bxc6 Rxc6 26. Rc1 Rfc8 27. Qd5
Qb5 28. Bxc5 Rxc5 29. Rxc5 Rxc5 30. Re8+ Kh7 31. Qxf7 Rc1+ 32. Kh2 Qc5 33. d7
Qd6+ 34. g3 Qd1 35. Ng5+ Bxg5 36. Qf5+ g6 37. Qf7# 1-0

[Event "Online Olym Div2 B 2021"]
[Site "chess.com INT"]
[Date "2021.09.02"]
[Round "3.2"]
[Board "4"]
[White "Jalaluldeen, Kareen Kamal J."]
[Black "Petricenco, Ana"]
[Result "0-1"]
[WhiteTitle "WFM"]
[WhiteElo "1780"]
[BlackElo "1910"]
[WhiteTeam "Iraq"]
[BlackTeam "Moldova"]
[WhiteFideId "4801776"]
[BlackFideId "13908596"]
[EventDate "2021.09.02"]
[EventType "team"]

1. d4 d5 2. c4 c6 3. Nc3 Nf6 4. Nf3 dxc4 5. a4 Bf5 6. e3 e6 7. Bxc4 Bb4 8. O-O
O-O 9. Bd3 Nbd7 10. Qe2 Re8 11. Rd1 Bg4 12. h3 Bh5 13. e4 Qc7 14. e5 Nd5 15. Bd2
Bf8 16. Bxh7+ Kh8 17. Bd3 Kg8 18. Ne4 Be7 19. Ng3 Bxf3 20. Qxf3 g6 21. Ne4 Kg7
22. Qg3 Rh8 23. Bg5 Bxg5 24. Nxg5 Nf8 25. h4 Qb6 26. Qf3 Qc7 27. Qg4 Qe7 28. Be2
Nd7 29. Ra3 Rh6 30. Re3 Nxe3 31. fxe3 Rah8 32. g3 Nf8 33. Rf1 Kg8 34. Nxf7 R8h7
35. Nxh6+ Rxh6 36. Bd3 Qg7 37. Bc4 Qe7 38. Rf6 Qb4 39. Bxe6+ Kh8 40. Qe2 Qe7 41.
Qc4 Nh7 42. Rf7 Qe8 43. Rxb7 g5 44. Qb3 Qxe6 45. Rb8+ Kg7 46. Qb7+ Kg6 47. Qc8
Qxc8 48. Rxc8 Kf5 49. hxg5 Nxg5 50. Ra8 Rh7 51. Kf2 Ne4+ 52. Kf3 Nd2+ 53. Ke2
Nc4 54. Rf8+ Ke6 55. b3 Na5 56. e4 Rd7 57. Rf6+ Ke7 58. Ke3 Nxb3 59. Rxc6 Nxd4
60. Rh6 Nc2+ 61. Kf4 Kd8 62. e6 Re7 63. Ke5 Ne3 64. Kd6 Nc4+ 65. Kc5 Nb6 66. Kc6
Rc7+ 67. Kd6 Nc4+ 68. Kd5 Nb6+ 69. Ke5 Re7 70. Kf6 Nxa4 71. Rh5 Nb6 72. g4 Re8
73. g5 Rf8+ 74. Ke5 Nc4+ 75. Kd5 Ne3+ 76. Ke5 Ng4+ 77. Kd6 Rg8 78. e7+ Ke8 79.
e5 Ne3 80. e6 Nf5+ 81. Ke5 Nxe7 82. Rh4 Ng6+ 83. Kf6 Nxh4 84. e7 a5 85. g6 Rxg6+
86. Ke5 a4 0-1

[Event "Online Olym Div2 B 2021"]
[Site "chess.com INT"]
[Date "2021.09.02"]
[Round "3.2"]
[Board "5"]
[White "Ceres, Dragos"]
[Black "Rabeea, Sabah Nori"]
[Result "0-1"]
[WhiteTitle "FM"]
[BlackTitle "FM"]
[WhiteElo "2372"]
[BlackElo "2022"]
[WhiteTeam "Moldova"]
[BlackTeam "Iraq"]
[WhiteFideId "13905864"]
[BlackFideId "4806212"]
[EventDate "2021.09.02"]
[EventType "team"]

1. e4 e5 2. Nf3 Nf6 3. Nxe5 d6 4. Nf3 Nxe4 5. Bd3 d5 6. O-O Bc5 7. c3 O-O 8. Bc2
Bg4 9. d3 Nf6 10. d4 Bd6 11. Bg5 Nbd7 12. Nbd2 c6 13. Qb1 h6 14. Bh4 Qc7 15. Bf5
Rfe8 16. Bg3 Bxf3 17. Nxf3 Ne4 18. Bxe4 Rxe4 19. Bxd6 Qxd6 20. Re1 Rae8 21. Rxe4
dxe4 22. Nd2 Qf4 23. Nf1 Re6 24. Qc1 Qh4 25. Qe3 Nf6 26. Re1 Nd5 27. Qg3 Qd8 28.
Qg4 Nf6 29. Qg3 Kh7 30. Ne3 Qa5 31. Qb8 Qb6 32. b3 Nd5 33. Nc4 Qa6 34. Nd6 Qxa2
35. Nxf7 e3 36. fxe3 Nxe3 37. Ng5+ hxg5 38. Qg3 Kg6 39. h4 Qd2 40. Qxg5+ Kh7 41.
Qh5+ Rh6 42. Qe2 Qxe2 43. Rxe2 Nd5 44. c4 Nf4 45. Re7 Rxh4 46. g3 Rg4 47. Kf2
Nd3+ 48. Kf3 Rxd4 49. Rxb7 Nc5 50. Rxa7 Nxb3 51. Rb7 Na5 0-1

[Event "Online Olym Div2 B 2021"]
[Site "chess.com INT"]
[Date "2021.09.02"]
[Round "3.3"]
[Board "1"]
[White "Blackburn, Jonathan L B"]
[Black "Sirosh, Ilja"]
[Result "0-1"]
[WhiteTitle "FM"]
[BlackTitle "IM"]
[WhiteElo "2232"]
[BlackElo "2400"]
[WhiteTeam "Wales"]
[BlackTeam "Estonia"]
[WhiteFideId "1801090"]
[BlackFideId "4500458"]
[EventDate "2021.09.02"]
[EventType "team"]

1. d4 Nf6 2. c4 g6 3. Nc3 d5 4. cxd5 Nxd5 5. e4 Nxc3 6. bxc3 Bg7 7. Bc4 c5 8.
Ne2 Nc6 9. Be3 O-O 10. O-O Bg4 11. f3 Bd7 12. Rb1 cxd4 13. cxd4 a6 14. Qd2 Na5
15. Bd3 Bb5 16. Bxb5 axb5 17. Rxb5 Nc4 18. Qd3 Nxe3 19. Qxe3 Rxa2 20. e5 Bh6 21.
f4 Qd7 22. Rfb1 e6 23. d5 exd5 24. Rxb7 Qf5 25. R7b2 Ra4 26. g3 Re4 27. Qf2 Rc8
28. Rb8 Bf8 29. Rxc8 Qxc8 30. Rc1 Qd7 31. Kg2 d4 32. Rd1 d3 33. Nc1 Rd4 34. Qf3
d2 35. Nb3 Rd3 36. Rxd2 Rxd2+ 37. Nxd2 Qxd2+ 38. Kh3 Qd7+ 39. Kg2 h5 40. Qe2
Qd5+ 41. Kh3 Bc5 42. Qb2 Qe6+ 43. Kg2 h4 44. Qb8+ Kg7 45. Qd8 h3+ 46. Kf3 Be7
47. Qd3 Qa2 48. f5 Qg2+ 49. Kg4 gxf5+ 50. Qxf5 Qxh2 51. Qe4 Qg2 52. Qd4 h2 53.
e6+ Bf6 54. Qd7 Qe4+ 0-1

[Event "Online Olym Div2 B 2021"]
[Site "chess.com INT"]
[Date "2021.09.02"]
[Round "3.3"]
[Board "2"]
[White "Vorobjov, Pavel"]
[Black "Garcia, Jason"]
[Result "1-0"]
[WhiteElo "2293"]
[BlackElo "2028"]
[WhiteTeam "Estonia"]
[BlackTeam "Wales"]
[WhiteFideId "4500989"]
[BlackFideId "1801775"]
[EventDate "2021.09.02"]
[EventType "team"]

1. d4 Nf6 2. c4 c5 3. Nf3 e6 4. g3 b6 5. Bg2 Bb7 6. d5 exd5 7. Nh4 Qc8 8. cxd5
Bxd5 9. Bxd5 Nc6 10. Nc3 Nxd5 11. Nxd5 Be7 12. Nf5 Qd8 13. Nxg7+ Kf8 14. Bh6 Kg8
15. Nf5 Bg5 16. h4 Bxh6 17. Nxh6+ Kf8 18. O-O Ne7 19. e4 Ng6 20. Qf3 Ne5 21. Qf5
d6 22. f4 Qd7 23. fxe5 1-0

[Event "Online Olym Div2 B 2021"]
[Site "chess.com INT"]
[Date "2021.09.02"]
[Round "3.3"]
[Board "3"]
[White "Chong, Kimberly"]
[Black "Sinitsina, Anastassia"]
[Result "0-1"]
[BlackTitle "WFM"]
[WhiteElo "1790"]
[BlackElo "2115"]
[WhiteTeam "Wales"]
[BlackTeam "Estonia"]
[WhiteFideId "1804723"]
[BlackFideId "4504640"]
[EventDate "2021.09.02"]
[EventType "team"]

1. e4 e5 2. Nf3 Nc6 3. Bc4 Bc5 4. O-O d6 5. h3 Nf6 6. Re1 O-O 7. a4 a6 8. d3 h6
9. Nbd2 Ne7 10. Nf1 Ng6 11. c3 Re8 12. Qb3 Qe7 13. Be3 Bxe3 14. Nxe3 Nf4 15. Nf5
Bxf5 16. exf5 d5 17. Bxd5 N4xd5 18. Rxe5 Qd6 19. d4 b6 20. Rae1 Qd7 21. g4 Nf4
22. Rxe8+ Rxe8 23. Ne5 Qd5 24. Qxd5 N6xd5 25. h4 f6 26. Nf3 Rxe1+ 27. Nxe1 Kf7
28. Nc2 h5 29. f3 hxg4 30. fxg4 Nd3 31. c4 N5b4 32. Ne3 Nxb2 0-1

[Event "Online Olym Div2 B 2021"]
[Site "chess.com INT"]
[Date "2021.09.02"]
[Round "3.3"]
[Board "4"]
[White "Viikmaa, Karmen"]
[Black "Wilson, Julie"]
[Result "1-0"]
[WhiteElo "1720"]
[BlackElo "1826"]
[WhiteTeam "Estonia"]
[BlackTeam "Wales"]
[WhiteFideId "4502620"]
[BlackFideId "1800876"]
[EventDate "2021.09.02"]
[EventType "team"]

1. Nf3 e6 2. g3 Nf6 3. Bg2 d5 4. d3 Bd6 5. O-O O-O 6. Nbd2 Bd7 7. e4 dxe4 8.
dxe4 e5 9. c3 Nc6 10. a4 a6 11. Qc2 Be6 12. Ng5 Bd7 13. Nc4 Rc8 14. Rd1 Bc5 15.
h3 Qe7 16. b4 Ba7 17. Ne3 h6 18. Nf3 Ra8 19. b5 axb5 20. axb5 Nd8 21. Ba3 Qe6
22. Bxf8 Kxf8 23. c4 Qe7 24. Nd5 Nxd5 25. exd5 f6 26. Nh4 Be8 27. Qh7 Qc5 28.
Qc2 Nf7 29. Ng6+ Kg8 30. h4 Nd6 31. Rdc1 Bxg6 32. Qxg6 Qxf2+ 33. Kh2 Rf8 34. Rc2
Qe3 35. Bh3 f5 36. Qe6+ Rf7 37. Rf1 f4 38. gxf4 Qd3 39. Ra2 Be3 40. fxe5 Qxc4
41. Ra8+ Kh7 42. Rxf7 Nxf7 43. Bf5+ 1-0

[Event "Online Olym Div2 B 2021"]
[Site "chess.com INT"]
[Date "2021.09.02"]
[Round "3.3"]
[Board "5"]
[White "MacDonald, Duncan"]
[Black "Rychagov, Nikita"]
[Result "0-1"]
[WhiteElo "1569"]
[BlackElo "1985"]
[WhiteTeam "Wales"]
[BlackTeam "Estonia"]
[WhiteFideId "1804758"]
[BlackFideId "4508394"]
[EventDate "2021.09.02"]
[EventType "team"]

1. c4 e6 2. Nc3 d5 3. cxd5 exd5 4. d4 c6 5. Nf3 Bd6 6. g3 Nf6 7. Bg2 O-O 8. O-O
h6 9. Re1 Re8 10. Qc2 Nbd7 11. e4 dxe4 12. Nxe4 Nxe4 13. Rxe4 Rxe4 14. Qxe4 Nf6
15. Qd3 Be6 16. Be3 Qd7 17. Rd1 Rd8 18. a3 Nd5 19. Qd2 Bh3 20. Ne5 Qe6 21. Bxh3
Qxh3 22. Nc4 Bc7 23. Qe2 Nf6 24. Qf1 Qh5 25. Re1 Re8 26. Nd2 Ng4 27. Qg2 Bb6 28.
Nf3 Qb5 29. h3 Nf6 30. g4 Qxb2 31. a4 Nd5 32. Ne5 f6 33. Nc4 Qb4 34. Rc1 Qxa4
35. Qf3 Qb4 36. Qf5 Qe7 37. Qg6 Qe4 38. Qxe4 Rxe4 39. Nd6 Re7 40. Nf5 Rd7 41.
Kg2 Ne7 42. Ng3 Kf7 43. Rd1 c5 44. Ne2 cxd4 45. Bxd4 Nc6 46. Bxb6 Rxd1 47. Be3
a5 48. Nc3 Rd7 49. Nb5 a4 50. Nc3 a3 51. Bc5 Rd3 52. Na2 Rd2 53. Nb4 a2 54. Nxc6
bxc6 55. Be3 Rd1 0-1

[Event "Online Olym Div2 B 2021"]
[Site "chess.com INT"]
[Date "2021.09.02"]
[Round "3.3"]
[Board "6"]
[White "Blokhin, Sofia"]
[Black "Ray, Hiya"]
[Result "1-0"]
[WhiteElo "2022"]
[BlackElo "1586"]
[WhiteTeam "Estonia"]
[BlackTeam "Wales"]
[WhiteFideId "4508190"]
[BlackFideId "1803980"]
[EventDate "2021.09.02"]
[EventType "team"]

1. e4 c5 2. Nf3 d6 3. d4 cxd4 4. Nxd4 Nf6 5. Nc3 g6 6. f3 Bg7 7. Be3 O-O 8. Qd2
Nc6 9. Nb3 Bd7 10. O-O-O a5 11. a3 Ne5 12. Qf2 a4 13. Nd4 Qc7 14. g4 Nc4 15.
Bxc4 Qxc4 16. g5 Nh5 17. Nd5 e6 18. Nb6 Qc7 19. Nxa8 Rxa8 20. Kb1 Rc8 21. c3 b5
22. Ne2 Qc4 23. Rxd6 Be8 24. Rhd1 b4 25. axb4 a3 26. Bc5 axb2 27. Rd8 Qa6 28.
Kxb2 Ra8 29. Rxa8 Qxa8 30. Be7 Qc6 31. Qc5 h6 32. Rd8 Kh7 33. Qxc6 Bxc6 34. h4
hxg5 35. hxg5 Bb5 36. Nd4 Bc4 37. Ka3 Nf4 38. b5 Bxd4 39. cxd4 Bxb5 40. Bf6 1-0

[Event "Online Olym Div2 B 2021"]
[Site "chess.com INT"]
[Date "2021.09.02"]
[Round "3.4"]
[Board "1"]
[White "Madaminov, Mukhiddin"]
[Black "Moroni, Luca Jr"]
[Result "1-0"]
[WhiteTitle "FM"]
[BlackTitle "GM"]
[WhiteElo "2260"]
[BlackElo "2566"]
[WhiteTeam "Uzbekistan"]
[BlackTeam "Italy"]
[WhiteFideId "14210703"]
[BlackFideId "865834"]
[EventDate "2021.09.02"]
[EventType "team"]

1. e4 e6 2. d4 d5 3. e5 c5 4. c3 Nc6 5. Nf3 Qb6 6. a3 Bd7 7. b4 cxd4 8. cxd4 Rc8
9. Bb2 Na5 10. Nbd2 Nc4 11. Nxc4 dxc4 12. d5 exd5 13. Qxd5 c3 14. Bc1 Ne7 15.
Qd4 Qg6 16. Bg5 Nc6 17. Qe3 h6 18. Bd3 Bf5 19. Bxf5 Qxf5 20. Bh4 Be7 21. Bxe7
Nxe7 22. O-O O-O 23. Rfd1 c2 24. Rd6 Rc4 25. Rc1 Rfc8 26. h3 Rc3 27. Qd2 Kh7 28.
Nd4 Qxe5 29. Rxc2 Rxc2 30. Nxc2 Ng6 31. Ne3 Qa1+ 32. Kh2 Rc1 33. Qd4 Qxd4 34.
Rxd4 Rc7 35. a4 Ne5 36. b5 Rd7 37. Re4 Nd3 38. Kg3 g6 39. a5 f5 40. Nd5 Rxd5 41.
Re7+ Kg8 42. Rxb7 f4+ 43. Kf3 Rf5 44. a6 Ne5+ 45. Ke4 Nc4 46. Rxa7 Nd6+ 47. Kf3
Nxb5 48. Rb7 Nd4+ 49. Ke4 Nc6 50. Rc7 Re5+ 51. Kxf4 g5+ 52. Kg4 Re6 53. a7 Nxa7
54. Rxa7 Rf6 55. f3 Rf4+ 56. Kh5 Rf6 57. h4 gxh4 58. Kxh4 Rf5 59. Kg4 Rg5+ 60.
Kh3 Rh5+ 61. Kg3 Rg5+ 62. Kf2 Rb5 63. Re7 Ra5 64. f4 Ra3 65. g3 Rb3 66. Kg2 Ra3
67. Kh3 Ra5 68. Kh4 Rb5 69. Ra7 Rc5 70. g4 Rc4 71. f5 Rb4 72. Kh5 Rc4 73. f6 Rf4
74. g5 hxg5 75. Kg6 1-0

[Event "Online Olym Div2 B 2021"]
[Site "chess.com INT"]
[Date "2021.09.02"]
[Round "3.4"]
[Board "2"]
[White "Basso, Pier Luigi"]
[Black "Rakhmatullaev, Almas"]
[Result "1/2-1/2"]
[WhiteTitle "GM"]
[WhiteElo "2553"]
[BlackElo "2183"]
[WhiteTeam "Italy"]
[BlackTeam "Uzbekistan"]
[WhiteFideId "866970"]
[BlackFideId "14205793"]
[EventDate "2021.09.02"]
[EventType "team"]

1. d4 Nf6 2. c4 e6 3. Nf3 Bb4+ 4. Bd2 a5 5. a3 Bxd2+ 6. Qxd2 d6 7. Nc3 Nc6 8. e4
Qe7 9. Be2 e5 10. d5 Nd8 11. O-O O-O 12. b4 b6 13. Qg5 h6 14. Qh4 Bd7 15. Nd2
Nxd5 16. Qxe7 Nxe7 17. Nd5 Nxd5 18. cxd5 Nb7 19. Rfc1 Rfc8 20. h3 Kf8 21. Bg4
Ke8 22. Bxd7+ Kxd7 23. Kf1 Ra7 24. b5 Nc5 25. Ke2 Rf8 26. g4 a4 27. Rg1 Rfa8 28.
Rg3 Ke7 29. Rc1 g6 30. Rb1 Rf8 31. Rbg1 f6 32. h4 Ra5 33. Rb1 Rf7 34. h5 Rg7 35.
hxg6 Rxg6 36. Rgg1 Ra8 37. f3 Rh8 38. Rh1 h5 39. Rh4 Kf7 40. Rbh1 Rgh6 41. Rxh5
Rxh5 42. gxh5 Kg7 43. Rg1+ Kh6 44. Rg6+ Kxh5 45. Rxf6 Kg5 46. Rf7 Rh2+ 47. Ke3
Nb3 48. Nxb3 axb3 49. Rg7+ Kf6 50. Rg1 Ra2 51. Kd3 b2 52. Rb1 Rxa3+ 53. Kc2 Kg5
54. Kxb2 Ra5 55. Kc3 Kf4 56. Kb4 Kxf3 57. Rc1 Ra7 58. Rc4 Ke3 59. Kc3 Ra1 60.
Kc2 Ra2+ 61. Kc3 Ra7 62. Kc2 Ke2 63. Rc3 Rb7 64. Kc1 Ra7 65. Kc2 Ra2+ 66. Kc1
Ra4 67. Rxc7 Rxe4 68. Rc6 Rb4 69. Rxb6 Kd3 70. Rxd6 Rxb5 71. Rh6 Rxd5 72. Kd1
Ra5 73. Rh3+ Kd4 74. Ke2 Ra2+ 75. Ke1 e4 76. Rg3 Rc2 77. Rh3 Rc1+ 78. Ke2 Rg1
79. Ra3 Ke5 80. Rb3 Rh1 81. Ra3 Kf4 82. Rb3 Rh2+ 83. Ke1 Rg2 84. Ra3 Rg1+ 85.
Ke2 Rb1 86. Rh3 Rb2+ 87. Ke1 Ke5 88. Ra3 Rh2 89. Rb3 Kd5 90. Ra3 Kc4 91. Rg3 Rc2
92. Rh3 Rc1+ 93. Ke2 Kd4 94. Ra3 Rc2+ 95. Ke1 Rh2 96. Rb3 Rh4 97. Ra3 Rf4 98.
Ke2 Rf7 99. Ra4+ Ke5 100. Ke3 Rf3+ 101. Ke2 Kf4 102. Ra8 Re3+ 103. Kf2 Rb3 104.
Rf8+ Ke5 105. Re8+ Kd5 106. Rd8+ Kc4 107. Ke2 Rd3 108. Rc8+ Kd4 109. Rd8+ Kc3
110. Rc8+ Kb2 111. Rb8+ Kc2 112. Rc8+ Rc3 113. Rxc3+ Kxc3 114. Ke3 Kc4 115. Kxe4 1/2-1/2

[Event "Online Olym Div2 B 2021"]
[Site "chess.com INT"]
[Date "2021.09.02"]
[Round "3.4"]
[Board "3"]
[White "Salimova, Asal"]
[Black "Zimina, Olga"]
[Result "1/2-1/2"]
[BlackTitle "IM"]
[WhiteElo "1905"]
[BlackElo "2334"]
[WhiteTeam "Uzbekistan"]
[BlackTeam "Italy"]
[WhiteFideId "14204940"]
[BlackFideId "4132190"]
[EventDate "2021.09.02"]
[EventType "team"]

1. d4 Nf6 2. Bf4 d5 3. e3 c5 4. c3 Nc6 5. Nf3 cxd4 6. exd4 Bf5 7. Bd3 Bxd3 8.
Qxd3 e6 9. Nbd2 Bd6 10. Bg3 O-O 11. O-O Bxg3 12. hxg3 Rb8 13. Rfe1 Ng4 14. Nh2
Nh6 15. g4 Qg5 16. Ndf3 Qg6 17. Qxg6 hxg6 18. Ne5 Nxe5 19. Rxe5 Rfc8 20. f3 b5
21. a3 Kf8 22. Nf1 Ng8 23. Nd2 Nf6 24. Nb3 Nd7 25. Re3 Ke7 26. f4 Nf6 27. Rg3
Ne4 28. Re3 Kd6 29. Rf1 f6 30. f5 gxf5 31. gxf5 e5 32. Rd1 Kc6 33. dxe5 fxe5 34.
Na5+ Kb6 35. Nb3 Rd8 36. Nc1 a5 37. Nd3 Re8 38. Ne1 Rbd8 39. Nf3 Kc7 40. b4 a4
41. g4 Rd6 42. Kg2 g6 43. fxg6 Rxg6 44. Rxd5 Rxg4+ 45. Kf1 Rh8 46. Rxe5 Rh1+ 47.
Ke2 Rg2+ 48. Kd3 Nf2+ 49. Kd4 Rd1+ 50. Kc5 Nd3+ 51. Kxb5 Nxe5 52. Rxe5 Rg3 53.
Rc5+ Kb7 54. Nd4 Rdd3 55. Kxa4 Rxc3 56. Rxc3 Rxc3 57. Nb3 Kb6 58. Nd4 Rd3 59.
Nb3 Rc3 60. Nc5 Rxc5 61. bxc5+ Kxc5 62. Ka5 Kc6 63. Kb4 Kb6 64. a4 Ka6 65. a5
Ka7 66. Kc5 Ka6 67. Kd6 Kxa5 1/2-1/2